000 00454nam a2200157Ia 4500
008 240729s9999 xx 000 0 und d
022 _a2813-558X
245 0 _aFrontiers in Environmental Health
260 _aSwitzerland
260 _bFrontiers Media S.A.
650 _a Environmental sciences
650 _aGeography. Anthropology. Recreation
856 _uhttps://doaj.org/toc/25974977d2294ec0837c1f9990ead750
942 _2ddc
942 _cDOAJEJ
999 _c67986
_d67986
945 _a1
_bMadushi Gamage
_c1
_dMadushi Gamage